000 00654cab a2200229 4500
001 X3670
008 090401t xxu||||| |||| 00| 0 eng d
035 _a(Sirsi) u31999
041 _aeng
100 _aFellows, R.
245 _aMonte Carlo simulation of construction costs using subjective data: comment
260 _c[19960 14, 457-460(4)
350 _a0
490 _aConstruction Management & Economics
_v[19960 14, 457-460(4)
650 _aCOST FORECASTING
650 _aCOST SIMULAITONS
650 _aMONTE CARLO SIMULATIONS
650 _aRISK MEASURES
690 _aBUILT ENVIRONMENT-BUILDING COSTS
942 _n0
948 _c04/03/1997
999 _c21474
_d21474